A Manual of Engineering drawing : (Record no. 182816)

000 -LEADER
fixed length control field 01716 a2200205 4500
003 - CONTROL NUMBER IDENTIFIER
control field Nust
005 - DATE AND TIME OF LATEST TRANSACTION
control field 20230718110220.0
010 ## - LIBRARY OF CONGRESS CONTROL NUMBER
LC control number 70038135
020 ## - INTERNATIONAL STANDARD BOOK NUMBER
International Standard Book Number 007022157X
040 ## - CATALOGING SOURCE
Transcribing agency Nust
082 00 - DEWEY DECIMAL CLASSIFICATION NUMBER
Classification number 604.2,FRE
100 1# - MAIN ENTRY--PERSONAL NAME
Personal name French, Thomas Ewing,
9 (RLIN) 3515
245 10 - TITLE STATEMENT
Title A Manual of Engineering drawing :
Remainder of title for Student and Draftsmen /
Statement of responsibility, etc. Thomas E. French & Charles J. Vierck.
260 ## - PUBLICATION, DISTRIBUTION, ETC.
Place of publication, distribution, etc. New York,
Name of publisher, distributor, etc. McGraw Hill
Date of publication, distribution, etc. [1953]
300 ## - PHYSICAL DESCRIPTION
Extent x, 715 p.
Other physical details illus.
Dimensions 25 cm.
505 ## - FORMATTED CONTENTS NOTE
Formatted contents note Introductory (Page-1), Lettering (Page-5), The Selection of Instrument (Page-29), The use of Instruments (Page-42), Applied Geometry (Page-67), Orthographic Projection (Page-97), Orthographic Reading (Page-115), Orthographic Freehand Drawing (Page-130), Orthographic Instrument Drawing (Page-142), Auxiliary Views (Page-169), Oblique Views (Page-189), Rotation (Page-198), Section and Conventions (Page-210), Intersections (Page-238), Developments (Page-249), Pictorial Drawing (Page-265), Perspective Drawing (Page-295), Pictorial Sketching (Page-309), The Drawing and the Shop (Page-317), Dimensions and Notes (Page-332), Precision and Limit Dimensioning (Page-363), Screw Threads (Page-392), Threaded Fasteners (Page-410), Keys, Rivets and Springs (Page-426), Piping Drawing (Page-434), Welding Drawing (Page-444), Gears and Cams (Page-464), Working Drawings (Page-481), Jigs Ad Fixture (Page-541), The Elements of Structure Drawing (Page-553), The Elements of Architecture Drawing (Page-569), Map and Topographic Drawing (Page-587), Charts, Graphs Ad Diagrams (Page-606), Illustration(Page-620), Notes on Commercial Practice (Page-634).
650 #0 - SUBJECT ADDED ENTRY--TOPICAL TERM
Topical term or geographic name entry element Mechanical drawing.
700 1# - ADDED ENTRY--PERSONAL NAME
Personal name Vierck, Charles J.
9 (RLIN) 3516
942 ## - ADDED ENTRY ELEMENTS (KOHA)
Source of classification or shelving scheme
Koha item type Book
Holdings
Withdrawn status Lost status Source of classification or shelving scheme Damaged status Not for loan Permanent Location Current Location Shelving location Date acquired Full call number Barcode Date last seen Price effective from Koha item type Public note
          Military College of Signals (MCS) Military College of Signals (MCS) General Stacks 12/12/2016 604.2,FRE MCS5673 12/08/2016 12/12/2016 Book Almirah No.88, Shelf No.1
          Military College of Signals (MCS) Military College of Signals (MCS) General Stacks 12/12/2016 604.2,FRE MCS6005 12/08/2016 12/12/2016 Book Almirah No.26, Shelf No.1
© 2023 Central Library, National University of Sciences and Technology. All Rights Reserved.